000 00275nam a2200121Ia 4500
005 20251222152029.0
008 251222s9999||||xx |||||||||||||| ||spa||
082 _a331.34/O36
245 0 _aJuventud, empleo y migración
250 _a1ra. ed.
264 _bOIT
942 _cLIB
999 _c25596
_d25596